000 01716nam a2200361 c 4500
003 BLK
005 20220426143752.0
008 180408b bul|||||r ||||||| ||bul||
010 _aKNG00093094000
020 _a978-954-8186-73-5
_bиздат.: Санома Блясък България
040 _aBLK
041 _aBUL
_cBUL
072 7 _2bullib
_aН8300
_xРомантична проза Н
080 _aАмериканска литература (на САЩ)
_b821.111(73)
_x-31
_z821.111(73)-31
100 1 _aМайкъл, Джудит
_eпърви автор
_gФейн, Майкъл
_9248697
700 1 _aПавлова, Елена
_eпрев.
_9365123
139 _aМайкъл, Джудит
_bМ 16
245 1 0 _aСцена на любовта
_bРоман
_cДжудит Майкъл; прев. Елена Павлова.
250 _a2. изд.
257 _aUSA
260 София
_bСанома Блясък България
_c2011
_fСофия : Алианс Принт
300 _a288 с.
_c20 см
380 _aX
490 1 _aПоредица Световни бестселъри
_v8
500 _a1. изд. 1998 на изд. Плеяда в Поредицата Пеперуда : Съвр. романтична проза. - Ориг. загл. Acts of Love / Judith Michael. - Офс. изд. - Джудит Майкъл - псевд. на Джудит Барнард, Майкъл Фейн. - Прил. към Журнал за жената.
653 _aромантична проза
659 _aН
852 _aЦб 254677
856 4 _qpdf
_u
856 4 _qpdf
_u
942 _cKNG
_n0
_04
944 _aCR
_c26.03.2012
_lф /
_kПенка_Димитрова
944 _aED
_c22.07.2013
_lф /
_k
999 _c88430
_d88430